000 00399nam a2200145Ia 4500
008 220120s9999||||xx |||||||||||||| ||und||
020 _a9788177588743
082 _a621.382 2
100 _aRoberts, Michael J and Sharma Govind
245 0 _aFundamentals of Signals and Sy ems
250 _a2nd
260 _aTata mc graw hill ltd.
_bNew Delhi
_c2010
300 _a1108
_b685
650 _aMECHANICAL
999 _c132650
_d132650